000 00977nac a22003257a 4500
001 BR0502102
003 BR-BrBNA
005 20240105123134.0
008 230509b bl.|||m| |||| 00| 0 por d
040 _aBR-BrBNA
_bpor
_cBiblioteca Nacional de Agricultura
072 _aH20
090 _a3200 BR0502102
100 1 _aCharchar, M.J. d'A.
100 1 _aAnjos, J. de R.N. dos
100 1 _aMelo, J.T. de
110 1 _aEMBRAPA Cerrados, Planaltina, DF (Brasil)
245 1 _aOcorrência de Phomopsis sp. em jatobá no Distrito Federal
260 3 _aPlanaltina, DF (Brasil):
_c2002.
300 _a15 p.
490 _aDocumentos - EMBRAPA Cerrados (Brazil)
_vno. 59
_xISSN 1517-5111
500 _aSummary (En); 15 ref.
650 _aJATOBÁ
650 _aÁRVORE ANGIOSPERMA
650 _aFUNGO
650 _aPHOMOPSIS
650 _aPATOGENICIDADE
650 _aDISTRITO FEDERAL
909 _a202312
_bLúcia Elande
_c55
_dLúcia Elande
942 _2AGRIS
_n0
_cMS
999 _c294152
_d294152